The Anglo-Saxon literature handbook (Record no. 30350)
[ view plain ]
| 000 -LEADER | |
|---|---|
| fixed length control field | 01575nam a2200373 a 4500 |
| 082 04 - DEWEY DECIMAL CLASSIFICATION NUMBER | |
| Classification number | 829/.09 |
| 100 1# - MAIN ENTRY--AUTHOR NAME | |
| Personal name | Amodio, Mark. |
| 245 14 - TITLE STATEMENT | |
| Title | The Anglo-Saxon literature handbook |
| 260 ## - PUBLICATION, DISTRIBUTION, ETC. (IMPRINT) | |
| Place of publication | Hoboken, N.J. : |
| Name of publisher | Wiley-Blackwell, |
| Year of publication | 2014. |
| 300 ## - PHYSICAL DESCRIPTION | |
| Number of Pages | xvi, 412 p. |
| 490 1# - SERIES STATEMENT | |
| Series statement | Blackwell literature handbooks |
| 505 0# - FORMATTED CONTENTS NOTE | |
| Formatted contents note | pt. 1. Anglo-Saxon England: backgrounds and beginnings -- pt. 2. Anglo-Saxon prose -- pt. 3. Anglo-Saxon poetry -- pt. 4. Critical approaches -- pt. 5. Themes. |
| 650 #0 - SUBJECT ADDED ENTRY--TOPICAL TERM | |
| Topical Term | English literature |
| Topical Term | Civilization, Anglo-Saxon. |
| 856 40 - ELECTRONIC LOCATION AND ACCESS | |
| Uniform Resource Identifier | http://site.ebrary.com/lib/rucke/Doc?id=10684918 |
No items available.
